Loading...
| Current Events | 3 | 0 | 0 | 0 | 45 | 43 | 54.00 | 1 | 2 |
| Science - Biology | 0 | 5 | 1 | 3 | 45 | 71 | 112.20 | 0 | 3 |
| Literature - Long Fiction | 0 | 3 | 0 | 2 | 30 | 98 | 141.00 | 0 | 1 |
| Literature - Misc Literature | 0 | 2 | 0 | 1 | 20 | 114 | 132.00 | 0 | 1 |
| Fine Arts - Classical Music | 0 | 2 | 0 | 0 | 20 | 135 | 135.50 | 0 | 0 |
| Other Academic | 0 | 2 | 0 | 1 | 20 | 100 | 125.00 | 0 | 1 |
| Philosophy | 0 | 2 | 0 | 0 | 20 | 77 | 106.00 | 0 | 1 |
| Science - Chemistry | 0 | 2 | 0 | 1 | 20 | 136 | 136.50 | 0 | 2 |
| Science - Other Science | 2 | 0 | 2 | 0 | 20 | 51 | 52.00 | 1 | 2 |
| Science - Physics | 0 | 3 | 2 | 0 | 20 | 80 | 87.33 | 1 | 3 |
| Fine Arts - Painting and Sculpture | 0 | 2 | 1 | 1 | 15 | 115 | 138.50 | 0 | 0 |
| History - Other History | 1 | 0 | 0 | 0 | 15 | 65 | 65.00 | 0 | 1 |
| History - World History | 0 | 1 | 0 | 0 | 10 | 99 | 99.00 | 0 | 1 |
| Science - Math | 0 | 1 | 0 | 1 | 10 | 148 | 148.00 | 0 | 1 |
| Fine Arts - Other Fine Arts | 0 | 1 | 0 | 1 | 10 | 136 | 136.00 | 0 | 1 |
| History - American History | 0 | 1 | 0 | 0 | 10 | 78 | 78.00 | 0 | 1 |
| Literature - Short Fiction | 0 | 1 | 0 | 0 | 10 | 112 | 112.00 | 0 | 0 |
| Literature - Poetry | 0 | 1 | 2 | 0 | 0 | 91 | 91.00 | 1 | 1 |
| Literature - Drama | 0 | 0 | 1 | 0 | -5 | 0.00 | 0 | 0 | |
| Geography | 0 | 0 | 1 | 0 | -5 | 0.00 | 0 | 0 | |
| Social Science | 0 | 0 | 2 | 0 | -10 | 0.00 | 0 | 0 | |
| History - European History | 0 | 0 | 2 | 0 | -10 | 0.00 | 0 | 0 |